00682cam a22002411 4500001001300000003000400013005001700017008004100034010001700075035002000092040001800112043001200130050001800142100003800160245005400198260001100252300003300263440003800296500001400334504003300348650004200381999001700423sa 67006542 DLC20260227112408.0890425s1966 ii ach b 000 0 tamo  asa 67006542  a(OCoLC)19601681 aDLCcWaUdDLC aa-ii---00aPL4758.4b.J31 aJakannātan̲, Ki. Vā.,d1906-10aTamil̲ nāvalin̲ tōr̲r̲amum vaḷarcciyum. c[1966] axiii, 159, [2], 3 p.c18 cm. 0aKalki memorial lectures,v1963-64 aIn Tamil. aBibliography: p. [160]-[161] 0aTamil fictionxHistory and criticism. c76024d76024